[Event "España ch 2010 sub-12"]
[Site "Linares ESP"]
[Date "2010.07.10"]
[Round "8.5"]
[White "Jane Besora, Jordi"]
[Black "Bru Rullo, Llatzer"]
[Result "0-1"]
[WhiteElo "1691"]
[BlackElo "1941"]
[PlyCount "110"]
[EventDate "2010.07.06"]
[EventType "swiss"]
[EventRounds "9"]
[EventCountry "ESP"]
[Source "lmi"]
[SourceDate "2010.07.06"]

1. d4 d5 2. Nf3 Nf6 3. Bf4 e6 4. e3 c5 5. c3 Nc6 6. Bd3 Bd6 7. Bg3 O-O 8. Nbd2
Re8 9. dxc5 Bxc5 10. O-O e5 11. Bb5 Bd6 12. Re1 a6 13. Ba4 b5 14. Bb3 Bg4 15.
e4 Bc7 16. Bh4 Be6 17. Bxf6 gxf6 18. exd5 Bxd5 19. Bxd5 Qxd5 20. Ne4 Qe6 21.
Qb3 f5 22. Qxe6 Rxe6 23. Nc5 Rh6 24. h3 e4 25. Nd4 Nxd4 26. cxd4 Rd6 27. Rad1
Bb6 28. b4 a5 29. bxa5 Bxa5 30. Nb7 Rd5 31. Nxa5 Rxa5 32. Re2 Kg7 33. Kf1 Kf6
34. Red2 f4 35. Ke2 Ke6 36. Rc1 Ra4 37. Rcd1 Ra3 38. Rc2 Kf5 39. Rcd2 Kg5 40.
Rc1 f5 41. Rcd1 f3+ 42. Kf1 fxg2+ 43. Kxg2 f4 44. Re1 Kf5 45. Kh2 Rd3 46. Red1
Rxd2 47. Rxd2 e3 48. fxe3 fxe3 49. Re2 Ke4 50. Kg2 Rxd4 51. Kf1 Rd1+ 52. Kg2
Rd2 53. Kf1 Kd3 54. Re1 Rf2+ 55. Kg1 Rxa2 0-1

[Event "España ch 2010 sub-12"]
[Site "Linares ESP"]
[Date "2010.07.10"]
[Round "8.6"]
[White "De la Calle Fuentes, Sergio"]
[Black "Santos Ruiz, Miguel"]
[Result "1/2-1/2"]
[WhiteElo "1661"]
[BlackElo "1855"]
[PlyCount "53"]
[EventDate "2010.07.06"]
[EventType "swiss"]
[EventRounds "9"]
[EventCountry "ESP"]
[Source "lmi"]
[SourceDate "2010.07.06"]

1. e4 c5 2. Nc3 a6 3. g3 b5 4. Bg2 Bb7 5. f4 e6 6. d3 d5 7. exd5 exd5 8. Nf3
Nf6 9. O-O Be7 10. h3 d4 11. Ne2 O-O 12. g4 Nd5 13. g5 f6 14. h4 Nd7 15. Qe1
N7b6 16. Bd2 b4 17. Qg3 Bd6 18. h5 Bc8 19. Nh2 fxg5 20. Qxg5 Bxf4 21. Qxd8
Bxh2+ 22. Kxh2 Rxd8 23. a4 Ra7 24. a5 Na8 25. Bg5 Rd6 26. Ng3 h6 27. Ne4
1/2-1/2

[Event "España ch 2010 sub-12"]
[Site "Linares ESP"]
[Date "2010.07.10"]
[Round "8.7"]
[White "Alonso Vara, Laura"]
[Black "Salagran Ferragut, Guillem"]
[Result "0-1"]
[WhiteElo "1577"]
[BlackElo "1725"]
[PlyCount "56"]
[EventDate "2010.07.06"]
[EventType "swiss"]
[EventRounds "9"]
[EventCountry "ESP"]
[Source "lmi"]
[SourceDate "2010.07.06"]

1. e4 c5 2. Nf3 Nc6 3. Nc3 d6 4. d4 cxd4 5. Nxd4 e5 6. Nf5 Bxf5 7. exf5 Be7 8.
Bd3 Bf6 9. Be4 Nge7 10. O-O Qd7 11. Nb5 Rd8 12. Qf3 d5 13. Bxd5 Nxd5 14. Qxd5
Qxd5 15. Nc7+ Ke7 16. Nxd5+ Rxd5 17. g4 h6 18. Re1 Nd4 19. Rf1 Nxc2 20. Rb1
Rhd8 21. Be3 Nxe3 22. fxe3 Bg5 23. e4 Rd2 24. a3 Rc2 25. b3 Rdd2 26. Rbd1 Rg2+
27. Kh1 Rxh2+ 28. Kg1 Rcg2# 0-1

[Event "España ch 2010 sub-12"]
[Site "Linares ESP"]
[Date "2010.07.10"]
[Round "8.8"]
[White "Ventura Bolet, Alexandre"]
[Black "Chao Vale, Fernando"]
[Result "1/2-1/2"]
[WhiteElo "1720"]
[BlackElo "1654"]
[PlyCount "57"]
[EventDate "2010.07.06"]
[EventType "swiss"]
[EventRounds "9"]
[EventCountry "ESP"]
[Source "lmi"]
[SourceDate "2010.07.06"]

1. e4 c5 2. Nf3 e6 3. d3 Nc6 4. Nbd2 d5 5. g3 Nf6 6. Bg2 Be7 7. O-O O-O 8. e5
Nd7 9. Re1 Qc7 10. Qe2 b6 11. h4 Bb7 12. Nf1 Rac8 13. Bf4 Na5 14. N1h2 c4 15.
h5 cxd3 16. cxd3 Qc2 17. Bg5 Bxg5 18. Nxg5 Qxe2 19. Rxe2 Ba6 20. Rd2 Nxe5 21.
Bf1 Rc7 22. f4 Nd7 23. Rb1 Bb7 24. Ng4 Rfc8 25. b4 Nc6 26. d4 Ne7 27. Bd3 h6
28. Nf3 Kf8 29. b5 1/2-1/2

[Event "España ch 2010 sub-12"]
[Site "Linares ESP"]
[Date "2010.07.10"]
[Round "8.9"]
[White "Rodriguez Mellado, Antonio"]
[Black "Laiz Ibanez, Hector"]
[Result "0-1"]
[WhiteElo "1716"]
[BlackElo "1673"]
[PlyCount "144"]
[EventDate "2010.07.06"]
[EventType "swiss"]
[EventRounds "9"]
[EventCountry "ESP"]
[Source "lmi"]
[SourceDate "2010.07.06"]

1. e4 e5 2. Nf3 Nc6 3. Bc4 Nf6 4. d3 Be7 5. O-O O-O 6. c3 d6 7. h3 h6 8. Re1 a6
9. Bb3 b5 10. Nbd2 Re8 11. Nf1 Bf8 12. Ng3 g6 13. Nh4 Na5 14. Bc2 c5 15. Be3
Bb7 16. Qc1 Kh7 17. Qd2 d5 18. exd5 Nxd5 19. Nf3 f5 20. b4 cxb4 21. c4 bxc4 22.
dxc4 Nxc4 23. Qe2 Ncxe3 24. fxe3 Qf6 25. e4 Nc3 26. Qf1 f4 27. Nh1 Bc5+ 28. Kh2
Rad8 29. Nf2 Bxf2 30. Qxf2 g5 31. Qc5 Qd6 32. Qc4 Kg7 33. Bb3 Qe7 34. a3 Rc8
35. Qf1 bxa3 36. Qg1 Qc5 37. Qxc5 Rxc5 38. Rxa3 Nxe4 39. Ba4 Rd8 40. Rb3 Bd5
41. Rd3 Nc3 42. Rxe5 Nxa4 43. Nd4 Bf7 44. Rxc5 Nxc5 45. Nf5+ Kf6 46. Rxd8 Kxf5
47. Rc8 Nb3 48. Rb8 a5 49. Rb5+ Ke4 50. Rb7 Bd5 51. Rb6 Kd4 52. Rxh6 Nc5 53.
Rh5 a4 54. Rxg5 a3 55. Rg7 a2 56. Ra7 Kc3 57. Ra5 Kb4 58. Ra7 Na4 59. Rd7 a1=Q
60. Rxd5 Qf6 61. Rd3 Nc5 62. Rf3 Ne6 63. Rf1 Qg5 64. Rb1+ Kc3 65. Ra1 Kd3 66.
Ra3+ Ke4 67. Ra4+ Nd4 68. Ra3 f3 69. Ra2 fxg2 70. Rxg2 Nf3+ 71. Kh1 Qc1+ 72.
Rg1 Qxg1# 0-1

[Event "España ch 2010 sub-12"]
[Site "Linares ESP"]
[Date "2010.07.10"]
[Round "8.10"]
[White "Ortega Lopez, Mikel"]
[Black "Mandado Castelany, Marco"]
[Result "1/2-1/2"]
[WhiteElo "1703"]
[BlackElo "1604"]
[PlyCount "68"]
[EventDate "2010.07.06"]
[EventType "swiss"]
[EventRounds "9"]
[EventCountry "ESP"]
[Source "lmi"]
[SourceDate "2010.07.06"]

1. e4 e5 2. d4 exd4 3. Nf3 d6 4. Bc4 Be7 5. Nxd4 Nf6 6. Nc3 Nbd7 7. O-O O-O 8.
Be3 Ne5 9. Bb3 c5 10. Nf3 Bg4 11. Bf4 Bxf3 12. gxf3 Ng6 13. Qd2 Rc8 14. Nd5
Nxd5 15. Bxd5 b5 16. Rfe1 Ne5 17. Qe2 Bg5 18. Bxe5 dxe5 19. Qf1 Bd2 20. Red1
Qg5+ 21. Qg2 Rfd8 22. c3 Qxg2+ 23. Kxg2 Bg5 24. h3 Kf8 25. Kf1 Ke8 26. Ke2 Ke7
27. Rg1 Bf6 28. Rad1 Rd7 29. Ke3 g5 30. Ke2 h6 31. Ke3 h5 32. Ke2 Rcc7 33. Rc1
Rc8 34. a4 a6 1/2-1/2

[Event "España ch 2010 sub-12"]
[Site "Linares ESP"]
[Date "2010.07.10"]
[Round "8.11"]
[White "Martin Carmona, Gaston"]
[Black "Ponce Cano, Adrian"]
[Result "0-1"]
[WhiteElo "1875"]
[BlackElo "1702"]
[PlyCount "136"]
[EventDate "2010.07.06"]
[EventType "swiss"]
[EventRounds "9"]
[EventCountry "ESP"]
[Source "lmi"]
[SourceDate "2010.07.06"]

1. e4 e5 2. Nf3 Nc6 3. Bc4 Be7 4. O-O Nf6 5. d3 O-O 6. Re1 Bc5 7. c3 d6 8. Nbd2
Na5 9. Bb5 a6 10. Ba4 b5 11. Bc2 Nc6 12. h3 Re8 13. Nf1 h6 14. Ng3 Ne7 15. d4
exd4 16. cxd4 Bb6 17. b3 c6 18. Ba3 Ba5 19. b4 Bb6 20. Bb2 Be6 21. Qd3 a5 22.
d5 cxd5 23. Bxf6 gxf6 24. exd5 Nxd5 25. Qh7+ Kf8 26. Qxh6+ Ke7 27. bxa5 Rh8 28.
Qg7 Rg8 29. Qh6 Rxa5 30. Nf5+ Kd7 31. N5d4 Qc7 32. Qh7 Re8 33. Nxe6 Rxe6 34.
Qxf7+ Re7 35. Bf5+ Kc6 36. Rac1+ Bc5 37. Nd4+ Kb6 38. Rxe7 Nxe7 39. Qxf6 Rxa2
40. Kf1 Nd5 41. Qh8 Kb7 42. Be4 Qf7 43. Qh7 Qxh7 44. Bxh7 Bxd4 45. Be4 Rxf2+
46. Ke1 Kb6 47. Bxd5 Rf5 48. Rc6+ Kb7 49. Rc4+ Rxd5 50. Rc2 Kb6 51. g4 Re5+ 52.
Kf1 Re3 53. h4 Rg3 54. g5 Rg1+ 55. Ke2 Rg4 56. Kf3 Rxh4 57. g6 Rh8 58. Ke4 Be5
59. Rg2 b4 60. g7 Rg8 61. Kf5 Rxg7 62. Rd2 Kc5 63. Ke4 Rg4+ 64. Kf3 Rd4 65.
Rc2+ Rc4 66. Rd2 b3 67. Rd1 b2 68. Rb1 Rc1 0-1

[Event "España ch 2010 sub-12"]
[Site "Linares ESP"]
[Date "2010.07.10"]
[Round "8.12"]
[White "Lopez Mulet, Inigo"]
[Black "Ruperez Benito, Antonio"]
[Result "1/2-1/2"]
[WhiteElo "1830"]
[BlackElo "1671"]
[PlyCount "53"]
[EventDate "2010.07.06"]
[EventType "swiss"]
[EventRounds "9"]
[EventCountry "ESP"]
[Source "lmi"]
[SourceDate "2010.07.06"]

1. d4 d5 2. c4 e6 3. Nf3 Be7 4. g3 Nf6 5. Bg2 c6 6. O-O O-O 7. Qc2 Nbd7 8. Nbd2
Qc7 9. e4 dxe4 10. Nxe4 Nxe4 11. Qxe4 Nf6 12. Qc2 c5 13. dxc5 Bxc5 14. Bf4 Qb6
15. a3 a5 16. Nd2 a4 17. h3 Bd4 18. Rab1 h6 19. Ne4 Nxe4 20. Qxe4 f5 21. Qe2
Bd7 22. Rfd1 Rad8 23. Be5 Bxe5 24. Qxe5 Bc8 25. h4 Qb3 26. Qe2 Kh7 27. Kh2
1/2-1/2

[Event "España ch 2010 sub-12"]
[Site "Linares ESP"]
[Date "2010.07.10"]
[Round "8.13"]
[White "Gomez Dieguez, Adrian"]
[Black "Garriga Cazorla, Pere"]
[Result "0-1"]
[WhiteElo "1524"]
[BlackElo "1715"]
[PlyCount "118"]
[EventDate "2010.07.06"]
[EventType "swiss"]
[EventRounds "9"]
[EventCountry "ESP"]
[Source "lmi"]
[SourceDate "2010.07.06"]

1. e4 c5 2. Nc3 a6 3. a4 e6 4. Bc4 Ne7 5. Qe2 g6 6. f4 Bg7 7. Nf3 O-O 8. d3 d5
9. Bb3 Nbc6 10. O-O Kh8 11. e5 Nf5 12. Qf2 Ncd4 13. Nxd4 Nxd4 14. Ba2 b6 15.
Be3 Nc6 16. Ne2 f6 17. exf6 Qxf6 18. c3 d4 19. cxd4 cxd4 20. Bd2 Bb7 21. Rfe1
e5 22. Bd5 Na5 23. Bxb7 Nxb7 24. b4 Nd6 25. Rac1 Rac8 26. Rxc8 Nxc8 27. Qf1 Qc6
28. Rc1 Qxa4 29. Rc7 Nd6 30. Qc1 e4 31. Rc6 exd3 32. Ng3 Nf5 33. Nxf5 gxf5 34.
Rxb6 Re8 35. h3 Qc2 36. Rc6 Qxc1+ 37. Rxc1 Kg8 38. Rd1 Kf7 39. Be1 Ke6 40. Rxd3
Kd5 41. Kf2 Kc4 42. Ra3 Re6 43. Ra2 d3 44. g4 fxg4 45. hxg4 Bc3 46. Bxc3 Kxc3
47. Ra3+ Kc2 48. Ra2+ Kb3 49. Ra5 Kxb4 50. Rd5 Kc4 51. Rd8 a5 52. Rc8+ Kb3 53.
Rb8+ Kc2 54. Rc8+ Kd1 55. Ra8 Re2+ 56. Kf1 Ra2 57. f5 d2 58. f6 Kc1 59. Rc8+
Rc2 0-1

[Event "España ch 2010 sub-12"]
[Site "Linares ESP"]
[Date "2010.07.10"]
[Round "8.15"]
[White "Suarez Gomez, Julio"]
[Black "Buiza Prieto, Eihartze"]
[Result "1-0"]
[WhiteElo "1632"]
[BlackElo "1766"]
[PlyCount "29"]
[EventDate "2010.07.06"]
[EventType "swiss"]
[EventRounds "9"]
[EventCountry "ESP"]
[Source "lmi"]
[SourceDate "2010.07.06"]

1. e4 c5 2. d3 Nc6 3. g3 e6 4. Bg2 Be7 5. f4 d5 6. e5 f6 7. exf6 Nxf6 8. Nf3
Qc7 9. O-O b6 10. Re1 O-O 11. Ng5 e5 12. Nc3 Rd8 13. fxe5 Nxe5 14. Bf4 Nfg4 15.
Nxd5 1-0

[Event "España ch 2010 sub-12"]
[Site "Linares ESP"]
[Date "2010.07.11"]
[Round "9.1"]
[White "Domingo Nunez, Alejandro"]
[Black "Cervello Tost, Ferran"]
[Result "1/2-1/2"]
[WhiteElo "1753"]
[BlackElo "1748"]
[PlyCount "34"]
[EventDate "2010.07.06"]
[EventType "swiss"]
[EventRounds "9"]
[EventCountry "ESP"]
[Source "lmi"]
[SourceDate "2010.07.06"]

1. e4 e5 2. Nf3 Nc6 3. Bc4 Bc5 4. c3 Nf6 5. d3 d6 6. Bb3 a6 7. O-O O-O 8. h3
Ba7 9. Re1 Bd7 10. Nbd2 Nh5 11. Nf1 Qf6 12. Be3 Bxe3 13. Nxe3 Nf4 14. Nd5 Nxd5
15. Bxd5 Qg6 16. Nh4 Qg5 17. Nf3 Qg6 1/2-1/2

[Event "España ch 2010 sub-12"]
[Site "Linares ESP"]
[Date "2010.07.11"]
[Round "9.2"]
[White "Bas Mas, Miguel"]
[Black "Bru Rullo, Llatzer"]
[Result "1/2-1/2"]
[WhiteElo "1822"]
[BlackElo "1941"]
[PlyCount "77"]
[EventDate "2010.07.06"]
[EventType "swiss"]
[EventRounds "9"]
[EventCountry "ESP"]
[Source "lmi"]
[SourceDate "2010.07.06"]

1. e4 e5 2. Nf3 Nc6 3. Bb5 a6 4. Ba4 Nf6 5. O-O b5 6. Bb3 Be7 7. Re1 O-O 8. c3
d6 9. h3 Na5 10. Bc2 c5 11. d4 Qc7 12. d5 Nb7 13. Nbd2 Nd8 14. Nf1 Ne8 15. Ng3
g6 16. a4 Rb8 17. b3 Ng7 18. axb5 axb5 19. Bd2 f6 20. c4 Bd7 21. Ra2 b4 22. Qa1
Nf7 23. Ra7 Rb7 24. Ra2 f5 25. Qb2 f4 26. Ne2 g5 27. Nh2 h5 28. Rea1 Nh6 29.
Ra8 Rxa8 30. Rxa8+ Rb8 31. Qa2 Rxa8 32. Qxa8+ Kh7 33. Nc1 Bd8 34. Nd3 Qa5 35.
Qxa5 Bxa5 36. Kf1 Ne8 37. f3 g4 38. hxg4 hxg4 39. Ke2 1/2-1/2

[Event "España ch 2010 sub-12"]
[Site "Linares ESP"]
[Date "2010.07.11"]
[Round "9.3"]
[White "Ucles Lirola, Moises"]
[Black "Fernandez Cano, Victor"]
[Result "1-0"]
[WhiteElo "1753"]
[BlackElo "1697"]
[PlyCount "81"]
[EventDate "2010.07.06"]
[EventType "swiss"]
[EventRounds "9"]
[EventCountry "ESP"]
[Source "lmi"]
[SourceDate "2010.07.06"]

1. e4 c5 2. Nf3 Nc6 3. d4 cxd4 4. Nxd4 g6 5. Nc3 Bg7 6. Be3 Nf6 7. f3 O-O 8.
Qd2 a6 9. O-O-O Qc7 10. g4 d6 11. h4 Nxd4 12. Bxd4 Bd7 13. g5 Nh5 14. Bxg7 Nxg7
15. Nd5 Qd8 16. Be2 Be6 17. f4 Bxd5 18. Qxd5 Qb6 19. Kb1 Qe3 20. Bd3 Qxf4 21.
Qxb7 Qe5 22. Qd5 Qe6 23. Rhf1 Qxd5 24. exd5 Rfc8 25. Rde1 Kf8 26. Rf2 Kg8 27.
Rxe7 Re8 28. Rfxf7 Rxe7 29. Rxe7 Re8 30. Rxe8+ Nxe8 31. Bxa6 Kf7 32. a4 Nc7 33.
Bc4 Ke7 34. b4 Kd7 35. Kb2 Kc8 36. Kc3 Kb7 37. Kd4 Ne8 38. Be2 Ng7 39. Bg4 Kb6
40. c4 Ne8 41. c5+ 1-0

[Event "España ch 2010 sub-12"]
[Site "Linares ESP"]
[Date "2010.07.11"]
[Round "9.5"]
[White "Laiz Ibanez, Hector"]
[Black "Salagran Ferragut, Guillem"]
[Result "1/2-1/2"]
[PlyCount "79"]
[EventDate "2010.07.06"]
[EventType "swiss"]
[EventRounds "9"]
[EventCountry "ESP"]
[Source "lmi"]
[SourceDate "2010.07.06"]
[WhiteElo "1673"]
[BlackElo "1725"]

1. e4 c5 2. Nf3 Nc6 3. d4 cxd4 4. Nxd4 e5 5. Nb5 d6 6. N1c3 a6 7. Na3 Be7 8.
Nd5 Nf6 9. Nxf6+ Bxf6 10. Nc4 Be7 11. Ne3 O-O 12. Bc4 Be6 13. Bd5 Bg5 14. c3
Rb8 15. Nc4 Bxc1 16. Rxc1 Qf6 17. O-O Rfd8 18. Ne3 Qg6 19. Qf3 Ne7 20. Rfd1 Rd7
21. Qg3 Bxd5 22. Qxg6 hxg6 23. Nxd5 Kf8 24. Nb6 Rdd8 25. Rd2 Nc8 26. Nc4 Ke7
27. Rcd1 Ke6 28. f3 b5 29. Ne3 Nb6 30. Kf2 Rd7 31. h3 f5 32. g3 Rf8 33. Kg2 Nc4
34. Nxc4 bxc4 35. Rd5 Rb8 36. R1d2 Rb6 37. Kg1 Rdb7 38. b3 Rc7 39. b4 Rd7 40.
a4 1/2-1/2

[Event "España ch 2010 sub-12"]
[Site "Linares ESP"]
[Date "2010.07.11"]
[Round "9.6"]
[White "Santos Ruiz, Miguel"]
[Black "Hernandez Mateo, Borja"]
[Result "1/2-1/2"]
[PlyCount "33"]
[EventDate "2010.07.06"]
[EventType "swiss"]
[EventRounds "9"]
[EventCountry "ESP"]
[Source "lmi"]
[SourceDate "2010.07.06"]
[WhiteElo "1855"]
[BlackElo "1575"]

1. e4 c5 2. Nf3 d6 3. d4 cxd4 4. Nxd4 Nf6 5. Nc3 a6 6. h3 e6 7. g4 Qa5 8. Nb3
Qc7 9. Bg2 Nc6 10. Bf4 Nd7 11. O-O Nde5 12. Re1 g6 13. Bg3 Bg7 14. Kh1 Nc4 15.
Qc1 Nb4 16. Nd1 Ne5 17. a3 1/2-1/2

[Event "España ch 2010 sub-12"]
[Site "Linares ESP"]
[Date "2010.07.11"]
[Round "9.7"]
[White "Mandado Castelany, Marco"]
[Black "Ventura Bolet, Alexandre"]
[Result "0-1"]
[PlyCount "103"]
[EventDate "2010.07.06"]
[EventType "swiss"]
[EventRounds "9"]
[EventCountry "ESP"]
[Source "lmi"]
[SourceDate "2010.07.06"]
[WhiteElo "1604"]
[BlackElo "1720"]

1. d4 d5 2. c4 e5 3. cxd5 Qxd5 4. Nc3 Bb4 5. Nf3 e4 6. Qa4+ Nc6 7. Qxb4 Nxb4 8.
Nxd5 Nxd5 9. Ne5 Be6 10. e3 Nb4 11. Kd1 Nf6 12. Bd2 Nbd5 13. b3 O-O 14. Bc4
Rfd8 15. Ke2 Rac8 16. Rhc1 c5 17. h3 a6 18. Ke1 h6 19. Rab1 b5 20. Be2 cxd4 21.
exd4 Ne7 22. Be3 Nf5 23. Rxc8 Rxc8 24. g4 Nxe3 25. fxe3 Rc3 26. a4 Rxe3 27.
axb5 axb5 28. Kd2 Rxh3 29. b4 Rh2 30. Kd1 Nd5 31. Rb2 Nc3+ 32. Ke1 Rxe2+ 33.
Rxe2 Nxe2 34. Kxe2 Kf8 35. Ke3 Bd5 36. Nd7+ Ke7 37. Nc5 Kd6 38. Kf4 g6 39. g5
hxg5+ 40. Kxg5 f5 41. Kf4 Bc4 42. Nb7+ Kd5 43. Ke3 g5 44. Nd8 f4+ 45. Kf2 Kxd4
46. Nc6+ Kc3 47. Ke1 e3 48. Ne5 Kxb4 49. Nf3 g4 50. Nh4 f3 51. Nf5 f2+ 52. Kd1
0-1

[Event "España ch 2010 sub-12"]
[Site "Linares ESP"]
[Date "2010.07.11"]
[Round "9.8"]
[White "Garriga Cazorla, Pere"]
[Black "Suarez Gomez, Julio"]
[Result "1/2-1/2"]
[PlyCount "70"]
[EventDate "2010.07.06"]
[EventType "swiss"]
[EventRounds "9"]
[EventCountry "ESP"]
[Source "lmi"]
[SourceDate "2010.07.06"]
[WhiteElo "1715"]
[BlackElo "1632"]

1. d4 d5 2. c4 e6 3. Nf3 Nf6 4. e3 Nbd7 5. Bd3 c6 6. b3 Bd6 7. Bb2 O-O 8. O-O
Re8 9. Ne5 dxc4 10. bxc4 c5 11. Nd2 Qc7 12. f4 Nf8 13. Ndf3 b6 14. Qc2 Bb7 15.
Rad1 Rac8 16. Rc1 Ba8 17. h3 h5 18. Ng5 Re7 19. Ne4 Nxe4 20. Bxe4 Bxe4 21. Qxe4
Ree8 22. Qf3 f6 23. Nd3 Qf7 24. Nf2 e5 25. dxe5 fxe5 26. Ne4 Bb8 27. f5 Nh7 28.
h4 Nf6 29. Ng5 Qe7 30. Ne6 e4 31. Qe2 Qd6 32. Rf4 Qc6 33. Rff1 Qd6 34. Nf4 Ng4
35. g3 Qh6 1/2-1/2

[Event "España ch 2010 sub-12"]
[Site "Linares ESP"]
[Date "2010.07.11"]
[Round "9.9"]
[White "Chao Vale, Fernando"]
[Black "Castellet Menchon, Cora"]
[Result "1/2-1/2"]
[PlyCount "35"]
[EventDate "2010.07.06"]
[EventType "swiss"]
[EventRounds "9"]
[EventCountry "ESP"]
[Source "lmi"]
[SourceDate "2010.07.06"]
[WhiteElo "1654"]
[BlackElo "1713"]

1. e4 c5 2. Nf3 Nc6 3. d4 cxd4 4. Nxd4 g6 5. Nc3 Bg7 6. Be3 Nf6 7. Bc4 Qa5 8.
O-O O-O 9. Bb3 d6 10. Re1 Ng4 11. Nxc6 bxc6 12. Bd4 Bxd4 13. Qxd4 Qh5 14. h3
Ne5 15. Qe3 Nd7 16. Qe2 Qxe2 17. Rxe2 Nc5 18. Rd2 1/2-1/2

[Event "España ch 2010 sub-12"]
[Site "Linares ESP"]
[Date "2010.07.11"]
[Round "9.10"]
[White "Ponce Cano, Adrian"]
[Black "De la Calle Fuentes, Sergio"]
[Result "1-0"]
[PlyCount "99"]
[EventDate "2010.07.06"]
[EventType "swiss"]
[EventRounds "9"]
[EventCountry "ESP"]
[Source "lmi"]
[SourceDate "2010.07.06"]
[WhiteElo "1702"]
[BlackElo "1661"]

1. e4 e5 2. Nf3 d6 3. Bc4 Be7 4. Nc3 Nf6 5. O-O O-O 6. d3 Be6 7. Bxe6 fxe6 8.
Ng5 Qd7 9. h3 h6 10. Nf3 Qe8 11. Ne2 Qg6 12. Ng3 Nc6 13. Be3 Rf7 14. c3 Raf8
15. Qb3 Nd8 16. a4 Nh5 17. Nxh5 Qxh5 18. Ne1 Bh4 19. Qc2 Be7 20. Bxa7 Bg5 21.
Qb3 Rf6 22. a5 Rg6 23. Qd1 Qh4 24. Nf3 Qf4 25. Be3 Qf6 26. Nxg5 hxg5 27. a6
bxa6 28. Rxa6 g4 29. hxg4 Nf7 30. Qf3 Qh4 31. Qh3 Qe7 32. Ra7 Nh6 33. g5 Nf7
34. Qh5 Nh8 35. f3 d5 36. Kf2 Rb8 37. Ra2 c5 38. Rh1 Kf7 39. Rha1 d4 40. Bd2
dxc3 41. bxc3 c4 42. Be3 Kg8 43. Rh1 Kf7 44. Ra7 Rb7 45. Rxb7 Qxb7 46. Qxh8
Qb2+ 47. Kg1 Qe2 48. Bc5 Qe1+ 49. Kh2 Rh6+ 50. Qxh6 1-0

[Event "España ch 2010 sub-12"]
[Site "Linares ESP"]
[Date "2010.07.11"]
[Round "9.11"]
[White "Portela Peleteiro, Alberto"]
[Black "Lopez Mulet, Inigo"]
[Result "1-0"]
[PlyCount "131"]
[EventDate "2010.07.06"]
[EventType "swiss"]
[EventRounds "9"]
[EventCountry "ESP"]
[Source "lmi"]
[SourceDate "2010.07.06"]
[WhiteElo "1649"]
[BlackElo "1830"]

1. e4 c5 2. Nc3 Nc6 3. Nge2 g6 4. d4 cxd4 5. Nxd4 Bg7 6. Nb3 d6 7. g4 Nf6 8. g5
Nd7 9. h4 Nb6 10. Be2 Be6 11. Nd5 Bxd5 12. exd5 Ne5 13. Bb5+ Ned7 14. c3 Rc8
15. Qd3 a6 16. Bxd7+ Qxd7 17. Ke2 Qg4+ 18. Kf1 Qc4 19. Qxc4 Rxc4 20. Na5 Rc7
21. Rh3 Nxd5 22. Be3 Nxe3+ 23. Rxe3 Kd7 24. Rae1 e6 25. Rd3 b6 26. Nb3 Rc4 27.
Red1 d5 28. Nd4 Bxd4 29. Rxd4 Rhc8 30. Ke2 Kd6 31. Ke3 Rxd4 32. Rxd4 e5 33. Rb4
b5 34. h5 Rc4 35. hxg6 hxg6 36. Rxc4 bxc4 37. b4 cxb3 38. axb3 Ke6 39. f4 Kf5
40. fxe5 Kxe5 41. Kd3 Ke6 42. Kd4 Kd6 43. b4 Kc6 44. Ke5 Kd7 45. Kxd5 f6 46.
gxf6 g5 47. Ke5 g4 48. Kf4 Ke6 49. Kxg4 Kxf6 50. Kf4 Ke6 51. Ke4 Kd6 52. Kd4
Kc6 53. Kc4 Kb6 54. Kd5 Kb5 55. c4+ Kxb4 56. c5 a5 57. c6 a4 58. c7 Kb3 59.
c8=Q Kb2 60. Qb7+ Kc3 61. Qa6 Kb3 62. Qb5+ Ka3 63. Kc4 Ka2 64. Qxa4+ Kb1 65.
Kc3 Kc1 66. Qc2# 1-0

[Event "España ch 2010 sub-12"]
[Site "Linares ESP"]
[Date "2010.07.11"]
[Round "9.12"]
[White "Garralon Torres, Julio"]
[Black "Perez Tores, Juan Miguel"]
[Result "0-1"]
[PlyCount "134"]
[EventDate "2010.07.06"]
[EventType "swiss"]
[EventRounds "9"]
[EventCountry "ESP"]
[Source "lmi"]
[SourceDate "2010.07.06"]
[WhiteElo "1619"]
[BlackElo "1726"]

1. c4 Nf6 2. d4 g6 3. Nc3 Bg7 4. g3 d6 5. Bg2 O-O 6. Nf3 Nbd7 7. O-O c5 8. Bf4
cxd4 9. Nb5 a6 10. Nfxd4 axb5 11. Nxb5 Nc5 12. a3 Nh5 13. Bc1 f5 14. Rb1 Nf6
15. b4 Ne6 16. Bb2 Qb6 17. a4 Ne4 18. Bxg7 Kxg7 19. a5 Qd8 20. Qc2 Nf6 21. Rfd1
Qe8 22. Bd5 Rb8 23. Qc3 Bd7 24. Na3 Qc8 25. b5 Nc5 26. Nc2 Be6 27. Nb4 Bxd5 28.
Nxd5 Nce4 29. Qd4 e5 30. Qd3 Nxd5 31. Qxd5 Nc3 32. Qxd6 Nxb1 33. Qxe5+ Kg8 34.
Qd5+ Rf7 35. Rxb1 Qd7 36. Rd1 Qxd5 37. Rxd5 Rc7 38. c5 Rbc8 39. a6 bxa6 40. b6
Rb7 41. Kf1 Kf7 42. f3 Ke7 43. Ke1 Rd7 44. Re5+ Kf6 45. f4 a5 46. c6 Rxc6 47.
Rxa5 Rxb6 48. Re5 Re6 49. Rc5 Rde7 50. Rc2 g5 51. Kf2 gxf4 52. gxf4 Kg6 53. Kf3
Re3+ 54. Kf2 Kh5 55. Kf1 Kg4 56. Kf2 Kxf4 57. Kf1 Kg4 58. Kf2 f4 59. Kf1 f3 60.
Rc4+ R7e4 61. exf3+ Kxf3 62. Rc1 Re2 63. Rc3+ R4e3 64. Rc1 Rxh2 65. Kg1 Rg2+
66. Kh1 h5 67. Rc3 Rh2+ 0-1

[Event "España ch 2010 sub-12"]
[Site "Linares ESP"]
[Date "2010.07.11"]
[Round "9.13"]
[White "Fernandez Gil, Ruben Carlos"]
[Black "Rodriguez Manzaneda, Irene"]
[Result "0-1"]
[PlyCount "74"]
[EventDate "2010.07.06"]
[EventType "swiss"]
[EventRounds "9"]
[EventCountry "ESP"]
[Source "lmi"]
[SourceDate "2010.07.06"]
[WhiteElo "1721"]
[BlackElo "1638"]

1. d4 d5 2. c4 e6 3. Nc3 Nf6 4. Bg5 Be7 5. Nf3 h6 6. Bh4 O-O 7. e3 b6 8. Bxf6
Bxf6 9. cxd5 exd5 10. Be2 Bb7 11. O-O Nd7 12. Qb3 c6 13. e4 Re8 14. Bd3 Nf8 15.
e5 Be7 16. Rad1 Ne6 17. Bf5 Bf8 18. Na4 Rb8 19. Bb1 c5 20. Qd3 g6 21. Nc3 cxd4
22. Nxd4 Nxd4 23. Qxd4 Qg5 24. f4 Qh4 25. Qd3 Bc5+ 26. Kh1 Rbd8 27. f5 Qg5 28.
fxg6 Qxg6 29. Qxg6+ fxg6 30. Bxg6 Rxe5 31. Rf7 Rde8 32. Rff1 Rf8 33. Rxf8+ Kxf8
34. h3 d4 35. Na4 Bd6 36. Rf1+ Kg7 37. Bd3 b5 0-1

[Event "España ch 2010 sub-12"]
[Site "Linares ESP"]
[Date "2010.07.11"]
[Round "9.14"]
[White "Bayon Rolo, Juan Andres"]
[Black "Rodriguez Mellado, Antonio"]
[Result "1-0"]
[PlyCount "135"]
[EventDate "2010.07.06"]
[EventType "swiss"]
[EventRounds "9"]
[EventCountry "ESP"]
[Source "lmi"]
[SourceDate "2010.07.06"]
[WhiteElo "1615"]
[BlackElo "1716"]

1. e4 e5 2. Nf3 Nc6 3. d4 exd4 4. Bc4 Bc5 5. c3 Nf6 6. cxd4 Bb4+ 7. Nc3 Nxe4 8.
O-O Bxc3 9. bxc3 d5 10. Bd3 O-O 11. c4 Bg4 12. h3 Bh5 13. Re1 Re8 14. Re3 Nxd4
15. g4 Nxf3+ 16. Qxf3 Bg6 17. Bb2 Ng5 18. Qg3 Rxe3 19. Qxe3 Bxd3 20. Qxd3 dxc4
21. Qc3 Qf6 22. Qxf6 gxf6 23. h4 Nf3+ 24. Kf1 Nxh4 25. Bxf6 Ng6 26. Rd1 Nf4 27.
Rd4 Ne6 28. Rxc4 c5 29. Ke2 b5 30. Rc1 a5 31. Kd3 a4 32. Kc3 Nf4 33. Rd1 c4 34.
f3 Nd3 35. Rb1 Rb8 36. a3 Rb7 37. Bd4 Kf8 38. Rh1 Kg8 39. Rh5 Nf4 40. Rg5+ Kf8
41. Re5 Ne6 42. Be3 Rd7 43. Bh6+ Ke7 44. Rxb5 Rd3+ 45. Kxc4 Rxa3 46. f4 Rg3 47.
Rb7+ Ke8 48. Rb8+ Ke7 49. Rb7+ Kf6 50. g5+ Kg6 51. f5+ Kxf5 52. Rxf7+ Kg6 53.
Rf6+ Kh5 54. Rxe6 Rg1 55. Ra6 Rc1+ 56. Kb4 a3 57. Rxa3 Rc7 58. Rc3 Rxc3 59.
Kxc3 Kg6 60. Kd4 Kf7 61. Ke5 Kg8 62. Ke6 Kh8 63. Kf6 Kg8 64. Bg7 h5 65. gxh6
Kh7 66. Ke7 Kg6 67. Ke6 Kh7 68. Kf6 1-0